<?xml version="1.0" encoding="UTF-8"?>
<record
    xmlns:xsi="http://www.w3.org/2001/XMLSchema-instance"
    xsi:schemaLocation="http://www.loc.gov/MARC21/slim http://www.loc.gov/standards/marcxml/schema/MARC21slim.xsd"
    xmlns="http://www.loc.gov/MARC21/slim">

  <leader>01249nam a2200253 a 4500</leader>
  <controlfield tag="001">BRCA_1661</controlfield>
  <controlfield tag="005">20190320203509.0</controlfield>
  <controlfield tag="008">840831s1985    txua---##b---#000-0#eng-#</controlfield>
  <datafield tag="040" ind1=" " ind2=" ">
    <subfield code="a">DLC</subfield>
    <subfield code="c">DLC</subfield>
    <subfield code="d">DLC</subfield>
  </datafield>
  <datafield tag="050" ind1=" " ind2="4">
    <subfield code="a">ND813.M4</subfield>
    <subfield code="b">.T84 1985</subfield>
  </datafield>
  <datafield tag="100" ind1="1" ind2=" ">
    <subfield code="a">Tufts, Eleanor</subfield>
    <subfield code="9">5174</subfield>
  </datafield>
  <datafield tag="245" ind1="1" ind2="0">
    <subfield code="a">Luis Mel&#xE9;ndez</subfield>
    <subfield code="b">Spanish Still-Life Painter of the Eighteenth Century</subfield>
    <subfield code="c">Eleanor Tufts ; Juan J. Luna ; translations by Tom&#xE1;s Rodr&#xED;guez and Patricia Zahniser.</subfield>
  </datafield>
  <datafield tag="260" ind1=" " ind2=" ">
    <subfield code="a">Dallas, Texas</subfield>
    <subfield code="b">Meadows Museum : Southern Methodist University</subfield>
    <subfield code="c">1985</subfield>
  </datafield>
  <datafield tag="300" ind1=" " ind2=" ">
    <subfield code="a">133 p.</subfield>
    <subfield code="b">il. (algunas a color)</subfield>
    <subfield code="c">28 cm.</subfield>
  </datafield>
  <datafield tag="500" ind1=" " ind2=" ">
    <subfield code="a">Cat&#xE1;logo de la exposici&#xF3;n realizada en el North Carolina Museum of Art (Raleigh), 12 enero - 10 marzo, 1985, en el Meadows Museum, Suthern Methodist University (Dallas, Texas), 22 marzo - 19 mayo, 1985 y en The National Academy of Design (New York), 30 mayo - 1 septiembre, 1985</subfield>
  </datafield>
  <datafield tag="504" ind1=" " ind2=" ">
    <subfield code="a">Bibliograf&#xED;a: p. 124-132</subfield>
  </datafield>
  <datafield tag="600" ind1="1" ind2="4">
    <subfield code="a">Mel&#xE9;ndez, Luis</subfield>
    <subfield code="d">1716-1780</subfield>
    <subfield code="v">Exposiciones</subfield>
    <subfield code="9">5175</subfield>
  </datafield>
  <datafield tag="650" ind1="1" ind2="4">
    <subfield code="a">Bodegones</subfield>
    <subfield code="v">Exposiciones</subfield>
    <subfield code="x">Pintura espa&#xF1;ola</subfield>
    <subfield code="y">Siglo XVIII</subfield>
    <subfield code="9">5176</subfield>
  </datafield>
  <datafield tag="650" ind1="1" ind2="4">
    <subfield code="a">Pinturas espa&#xF1;olas</subfield>
    <subfield code="y">Siglo XVIII</subfield>
    <subfield code="z">Espa&#xF1;a</subfield>
    <subfield code="9">5177</subfield>
  </datafield>
  <datafield tag="653" ind1="0" ind2=" ">
    <subfield code="a">Naturaleza muerta</subfield>
  </datafield>
  <datafield tag="700" ind1="1" ind2=" ">
    <subfield code="a">Luna, Juan J</subfield>
    <subfield code="9">5178</subfield>
  </datafield>
  <datafield tag="700" ind1="1" ind2=" ">
    <subfield code="a">Rodr&#xED;guez, Tom&#xE1;s</subfield>
    <subfield code="9">5179</subfield>
  </datafield>
  <datafield tag="942" ind1=" " ind2=" ">
    <subfield code="2">lcc</subfield>
    <subfield code="c">B</subfield>
  </datafield>
  <datafield tag="999" ind1=" " ind2=" ">
    <subfield code="c">1457</subfield>
    <subfield code="d">1457</subfield>
  </datafield>
  <datafield tag="952" ind1=" " ind2=" ">
    <subfield code="0">0</subfield>
    <subfield code="1">0</subfield>
    <subfield code="4">0</subfield>
    <subfield code="7">0</subfield>
    <subfield code="a">BRCA</subfield>
    <subfield code="b">BRCA</subfield>
    <subfield code="d">2008-06-27</subfield>
    <subfield code="l">0</subfield>
    <subfield code="o">ND813.M4 .T84 1985</subfield>
    <subfield code="p">02234</subfield>
    <subfield code="r">2019-03-22 00:00:00</subfield>
    <subfield code="w">2019-03-22</subfield>
    <subfield code="y">B</subfield>
  </datafield>
</record>
